000 00369nam a2200145Ia 4500
008 191201s2005 xx 000 0 und d
082 _a670
_bKHT
100 _aKHANNA, O P
245 2 _aA Text Book of Production Technology vol-ii
250 _aRep
260 _aN.Delhi
_bDhanpat Rai Pubns (P) Ltd
_c2005
300 _amisc.
650 _aB.Tech(ME)
942 _2ddc
_cBK
999 _c1071
_d1071